<?xml version="1.0" encoding="utf-8"?>
<?xml-stylesheet type='text/xsl' href='./oai2.xsl'?>
<OAI-PMH xmlns="http://www.openarchives.org/OAI/2.0/" xmlns:xsi="http://www.w3.org/2001/XMLSchema-instance" xsi:schemaLocation="http://www.openarchives.org/OAI/2.0/ http://www.openarchives.org/OAI/2.0/OAI-PMH.xsd">
  <responseDate>2026-06-06T19:24:50Z</responseDate>
  <request verb="GetRecord" metadataPrefix="marcxml" identifier="record_kuniweb_120108">https://kulturerbe.niedersachsen.de/oai</request>
  <GetRecord>
    <record>
      <header>
        <identifier>record_kuniweb_120108</identifier>
        <datestamp>2024-04-10T10:39:58Z</datestamp>
        <setSpec>slg0230</setSpec>
      </header>
      <metadata>
        <marc:record xmlns:marc="http://www.loc.gov/MARC21/slim" xsi:schemaLocation="http://www.loc.gov/MARC21/slim http://www.loc.gov/standards/marcxml/schema/MARC21slim.xsd">
          <marc:leader>12345nkm  22     uu 4500</marc:leader>
          <marc:controlfield tag="001">120108</marc:controlfield>
          <marc:controlfield tag="003">http://kuniweb.gbv.de</marc:controlfield>
          <marc:controlfield tag="005">2021-12-16T11:47:37</marc:controlfield>
          <marc:controlfield tag="008">|           ||||||||||||||||||||||</marc:controlfield>
          <marc:datafield tag="245" ind1="1" ind2="0">
            <marc:subfield code="a">Kinder von Johanna Emilie Marie Schultze, geb. Jahncke: Karl Eduard (*Hülsing 26.4.1900, +17.1.1969), Hannah Minna Emilie (*Hülsing 14.12.1904, +USA 1.9.1986), Anneliese Johanne Betty Schultze (*Hülsing 29.9.1901, +USA) (v.l.n.r.)</marc:subfield>
          </marc:datafield>
          <marc:datafield tag="655" ind1=" " ind2="7">
            <marc:subfield code="a">Fotografie</marc:subfield>
          </marc:datafield>
          <marc:datafield tag="046" ind1=" " ind2=" ">
            <marc:subfield code="k">1908</marc:subfield>
            <marc:subfield code="k">ca. 1908</marc:subfield>
          </marc:datafield>
          <marc:datafield tag="260" ind1=" " ind2=" ">
            <marc:subfield code="g">1908</marc:subfield>
            <marc:subfield code="g">ca. 1908</marc:subfield>
          </marc:datafield>
          <marc:datafield tag="300" ind1=" " ind2=" ">
            <marc:subfield code="a">Höhe: 8,7 cm
Breite: 5,8 cm</marc:subfield>
          </marc:datafield>
          <marc:datafield tag="520" ind1=" " ind2=" ">
            <marc:subfield code="a">Erscheinungsort: 
aus dem Nachlaß von Peter Wilhelm Ahders

 (Archiv des Lk. Cuxhaven)

Literatur in Zusammenhang:
„2. Bürgerbuch der Stadt Otterndorf (1774-1920). Zweites Bürgerbuch der Stadt Otterndorf (1774-1920). Bürgerbuch der Stadt Otterndorf ; 2“. Hottendorff, [s.l.], 1971. (Personen sind auf Seite 226 und 227 unter Nr. 1385 beschrieben.)</marc:subfield>
          </marc:datafield>
          <marc:datafield tag="600" ind1="1" ind2=" ">
            <marc:subfield code="a">Schultze</marc:subfield>
            <marc:subfield code="d">* 09.08.1875 † 08.06.1960</marc:subfield>
          </marc:datafield>
          <marc:datafield tag="600" ind1="1" ind2=" ">
            <marc:subfield code="a">Schultze</marc:subfield>
            <marc:subfield code="d">* 26.04.1900 † 17.01.1969</marc:subfield>
          </marc:datafield>
          <marc:datafield tag="600" ind1="1" ind2=" ">
            <marc:subfield code="a">Schultze</marc:subfield>
            <marc:subfield code="d">* 14.12.1904 † 01.09.1986</marc:subfield>
          </marc:datafield>
          <marc:datafield tag="600" ind1="1" ind2=" ">
            <marc:subfield code="a">Schultze</marc:subfield>
            <marc:subfield code="d">* 29.09.1901</marc:subfield>
          </marc:datafield>
          <marc:datafield tag="773" ind1="0" ind2=" ">
            <marc:subfield code="t">Foto- und Grafiksammlung</marc:subfield>
          </marc:datafield>
          <marc:datafield tag="852" ind1=" " ind2=" ">
            <marc:subfield code="a">Archiv des Landkreises Cuxhaven</marc:subfield>
          </marc:datafield>
          <marc:datafield tag="" ind1=" " ind2=" ">
            <marc:subfield code="a">Dieses digitale Objekt ist durch das Urheberrecht und/oder verwandte Rechte geschützt. Es gelten die Nutzungsbedingungen des Archivs sowie die Gebührensatzung des Landkreises Cuxhaven in der jeweils geltenden Fassung. Bitte wenden Sie sich für inhaltliche Auskünfte oder Reproduktionen an das Archiv des Landkreises Cuxhaven.</marc:subfield>
          </marc:datafield>
          <marc:datafield tag="" ind1=" " ind2=" ">
            <marc:subfield code="a">Urheberrechtsschutz (InC)</marc:subfield>
          </marc:datafield>
        </marc:record>
      </metadata>
    </record>
  </GetRecord>
</OAI-PMH>
